000 00467nam a22001817a 4500
001 TVUNI
005 20260126014634.0
008 221102s2009 vm vie d
020 _c80000
040 _aTVUNI
_eAACR2
041 0 _avie
100 1 _aNguyễn, Ngọc Quang
245 1 0 _aKế toán quản trị /
_cNguyễn Ngọc Quang
260 _aHà Nội :
_bTài Chính,
_c2009
300 _a415 tr. ;
_c24 cm.
942 _2ddc
_cBK
999 _c2074
_d2074
912 _a1
_bHiển Phạm